[Event "Foment Martinenc op-C 20th"]
[Site "Barcelona"]
[Date "2018.06.09"]
[Round "8"]
[White "Fernandez Huerta Rodriguez Ma, Sergio"]
[Black "Montilla Rodriguez, Jose Luis"]
[Result "0-1"]
[WhiteElo "1656"]
[BlackElo "1792"]
[PlyCount "66"]
[EventDate "2018.04.21"]
[EventType "swiss"]
[EventRounds "9"]
[EventCountry "ESP"]
[SourceTitle "CBM 184 Extra"]
[Source "ChessBase"]
[SourceDate "2018.06.28"]
[SourceVersion "1"]
[SourceVersionDate "2018.06.28"]
[SourceQuality "1"]

1. e4 e5 2. Nf3 c6 3. d3 d6 4. g3 h6 5. Bg2 Be6 6. 0-0 Qd7 7. d4 exd4 8. Nxd4 Bh3 9. Re1 Bxg2 10. Kxg2 Be7 11. Nf5 c5 12. Bf4 Nc6 13. Nxg7+ Kd8 14. Nf5 Ne5 15. Nc3 Nf6 16. f3 a6 17. Nd5 Nxd5 18. Qxd5 Kc7 19. Bxe5 dxe5 20. Qxe5+ Bd6 21. Qd4 cxd4 22. Rac1 Bc5 23. Red1 Qb5 24. c3 dxc3 25. bxc3 Qb2+ 26. Kh3 Qxa2 27. Rd5 Qa3 28. c4 Qxc1 29. Rxc5+ Kb6 30. Rd5 Qxc4 31. Ne3 Qe2 32. Rd6+ Kc7 33. Nf5 Qxf3 0-1